О закономерностях локализации гипергенных никелевых месторождений; Известия Томского политехнического института [Известия ТПИ]; Т. 264 : Геология

Sonraí bibleagrafaíochta
Parent link:Известия Томского политехнического института [Известия ТПИ]/ Томский политехнический институт (ТПИ).— , 1944-1976
Т. 264 : Геология.— 1976.— [С. 3-6]
Príomhchruthaitheoir: Бакиров А. Г. Александр Григорьевич
Achoimre:Заглавие с титульного листа
Электронная версия печатной публикации
Никелевые месторождения, связанные с корами выветривания ультраосновных пород, приурочены к участкам сохранившейся мезозойской коры выветривания, которые в большинстве случаев тяготеют к современным водоразделам. Рудоносные коры покровного и покровно-трещинного типов во многих случаях имеют тенденцию располагаться в зоне перехода от денудированных горных сооружений к низменностям, заполненным кайнозойскими осадками. Многие гипергенные никелевые и железо-никелевые месторождения входят в прерывистые пояса, приуроченные к зонам определенных па­раллелей - 50° с. ш., 41-44° с. ш., 20-22° с. ш. Такая поясность обязана совокупному влиянию климатической зональности и структурных факторов. Выявляется узловой характер локализации многих никеленосных районов мира, отдельных месторождений. Ее сущность заключается в приуроченности последних к узлам пересечения структур различного направления, среди которых распространены дислокации широтного и субширотного простирания докембрийского и более молодого возраста, имеющие длительное и унаследованное развитие.
Teanga:Rúisis
Foilsithe / Cruthaithe: 1976
Ábhair:
Rochtain ar líne:Черно-белая версия для предварительного просмотра
Цветная версия без потери качества
Formáid: Leictreonach Caibidil leabhair
KOHA link:https://koha.lib.tpu.ru/cgi-bin/koha/opac-detail.pl?biblionumber=236137

MARC

LEADER 00000nla2a2200000 4500
001 236137
005 20231031204608.0
035 |a (RuTPU)RU\TPU\book\257285 
035 |a RU\TPU\book\257264 
090 |a 236137 
100 |a 20130419d1976 k y0rusy50 ca 
101 0 |a rus 
102 |a RU 
135 |a drnn ---uucaa 
181 0 |a i  
182 0 |a b 
200 1 |a О закономерностях локализации гипергенных никелевых месторождений  |b Электронный ресурс  |f А. Г. Бакиров 
203 |a Текст  |c электронный 
215 |a 2 файла (402 Кб, 10.7 Мб) 
230 |a Электронные текстовые данные (2 файла : 402 Кб, 10.7 Мб) 
300 |a Заглавие с титульного листа 
300 |a Электронная версия печатной публикации 
320 |a [Библиогр.: с. 6 (7 назв.)] 
330 |a Никелевые месторождения, связанные с корами выветривания ультраосновных пород, приурочены к участкам сохранившейся мезозойской коры выветривания, которые в большинстве случаев тяготеют к современным водоразделам. Рудоносные коры покровного и покровно-трещинного типов во многих случаях имеют тенденцию располагаться в зоне перехода от денудированных горных сооружений к низменностям, заполненным кайнозойскими осадками. Многие гипергенные никелевые и железо-никелевые месторождения входят в прерывистые пояса, приуроченные к зонам определенных па­раллелей - 50° с. ш., 41-44° с. ш., 20-22° с. ш. Такая поясность обязана совокупному влиянию климатической зональности и структурных факторов. Выявляется узловой характер локализации многих никеленосных районов мира, отдельных месторождений. Ее сущность заключается в приуроченности последних к узлам пересечения структур различного направления, среди которых распространены дислокации широтного и субширотного простирания докембрийского и более молодого возраста, имеющие длительное и унаследованное развитие. 
337 |a Adobe Reader 
461 1 |0 (RuTPU)RU\TPU\book\200995  |t Известия Томского политехнического института [Известия ТПИ]  |f Томский политехнический институт (ТПИ)  |d 1944-1976 
463 1 |0 (RuTPU)RU\TPU\book\257283  |t Т. 264 : Геология  |v [С. 3-6]  |d 1976  |p 148 с. 
610 1 |a электронный ресурс 
610 1 |a труды учёных ТПУ 
675 |a 553.48  |v 3 
700 1 |a Бакиров  |b А. Г.  |c российский геолог  |c профессор Томского политехнического университета  |f 1915-2009  |g Александр Григорьевич  |2 stltpush  |3 (RuTPU)RU\TPU\pers\12439 
801 1 |a RU  |b 63413507  |c 20090320  |g PSBO 
801 2 |a RU  |b 63413507  |c 20130507  |g PSBO 
856 4 |u http://www.lib.tpu.ru/fulltext/v/Bulletin_TPU/1976/v264/01_bw.pdf  |z Черно-белая версия для предварительного просмотра 
856 4 |u http://www.lib.tpu.ru/fulltext/v/Bulletin_TPU/1976/v264/01_full.pdf  |z Цветная версия без потери качества 
942 |c CF